| 000 | 01253nam0a2200325 i 4500 | ||
|---|---|---|---|
| 001 | RU\NLR\BIBL_A\010415357 | ||
| 005 | 20260405193810.0 | ||
| 010 | _a9785919409205 | ||
| 021 |
_aRU _b2014-36239 _92211 |
||
| 035 | _a(NILC)RuMoRGB-007496721 | ||
| 035 | _a(NLR Aleph) 010415357 | ||
| 090 |
_a9785382 _c9785382 |
||
| 100 | _a20140711d2014 km y0rusy50 ca | ||
| 101 | 1 |
_arus _aheb _cund |
|
| 102 | _aRU | ||
| 105 | _ay|||z|||000yy | ||
| 200 | 1 |
_aМудрость истины _eдвенадцать очерков каббалиста Рава Иегуды Ашлага _e[перевод] _fРав Иегуда Ашлаг _gпод ред. Майкла Берга |
|
| 205 | _a[Офиц. изд. Междунар. каббала центра] | ||
| 210 |
_aМосква _cПеро _d2014 |
||
| 215 |
_a360 с. _cил. _d23 |
||
| 300 | _aТекст парал. на рус. и иврите | ||
| 606 |
_aКаббала _91274272 _3RU\NLR\AUTH\66524815 |
||
| 686 | 2 | _aЭ36-34-024.7 | |
| 700 | 1 |
_7ca _8rus _aАшлаг _bЙ. _f1884-1954 _gЙегуда _968477 _3RU\NLR\AUTH\7785549 |
|
| 801 | 0 |
_aRU _bРГБ _c20140523 _gRCR |
|
| 942 | _cBOOK | ||
| 980 | _aNBR | ||